000 00228nam a22000857a 4500
008 170119b xxu||||| |||| 00| 0 eng d
100 _92493
_aSeely.J.
245 _aOxford A-Z of Grammar & Puntuation
260 _aNew Delhi
_bOxford
_c2011
999 _c5559
_d5559